Essentials of Business Communication (Record no. 2906)

MARC details
005 - DATE AND TIME OF LATEST TRANSACTION
control field 20250531090704.0
020 ## - INTERNATIONAL STANDARD BOOK NUMBER
International Standard Book Number 978-81-8054-729-4
082 ## - DEWEY DECIMAL CLASSIFICATION NUMBER
Classification number 651.7 PAL
100 ## - MAIN ENTRY--PERSONAL NAME
Author name PAL, R.
245 ## - TITLE STATEMENT
Title Essentials of Business Communication
250 ## - EDITION STATEMENT
Edition statement 13th revised and enlarged Ed.
260 ## - PUBLICATION, DISTRIBUTION, ETC.
Place of publication, distribution, etc. New Delhi,
Name of publisher, distributor, etc. Sultan Chand &Sons,
Date of publication, distribution, etc. 2011.
300 ## - PHYSICAL DESCRIPTION
Extent xxii, 968p.: Ill.; figures
Dimensions 24cm.
700 ## - ADDED ENTRY--PERSONAL NAME
Other authors/Editors KORLAHALLI, J. S.
942 ## - ADDED ENTRY ELEMENTS (KOHA)
Source of classification or shelving scheme Dewey Decimal Classification
Koha item type Books
Holdings
Date last seen Total checkouts Full call number Barcode Cost, replacement price Price effective from Koha item type Lost status Source of classification or shelving scheme Damaged status Not for loan Withdrawn status Home library Current library Shelving location Date acquired Cost, normal purchase price
05/31/2025   651.7 PAL 00000010515 75000.00 05/31/2025 Books   Dewey Decimal Classification       College of Business Education Main Library College of Business Education Main Library Special Reserve Collection 06/19/2017 2500.00
05/31/2025   651.7 PAL 00000010516 75000.00 05/31/2025 Books   Dewey Decimal Classification       College of Business Education Main Library College of Business Education Main Library Special Reserve Collection 06/19/2017 25000.00